[Event "2015 May PHCC Rated Mini-Swiss"]
[Site "Port Huron"]
[Date "2015.05.07"]
[Round "2"]
[White "Bedy, Noel"]
[Black "Jones, G. Avery"]
[Result "0-1"]
[WhiteElo "1594"]
[BlackElo "1619"]
[PlyCount "62"]
[EventDate "2015.05.07"]
[EventRounds "3"]

1. d4 d5 2. e4 c6 3. exd5 cxd5 4. Bd3 Nc6 5. c3 Nf6 6. Nf3 g6 7. Bf4 Bg7 8. O-O O-O 9. Qd2 Qb6 10. a4 Na5 11. Qe2 Be6 12. Ne5 Rad8 13. b4 Nc6 14. Nd2 Rc8 15. a5 Qd8 16. Rfc1 Nh5 17. Nxc6 Rxc6 18. Be5 Qc8 19. Bxg7 Nxg7 20. Nf3 Rxc3 21. Rcb1 Bf5 22. Bxf5 Nxf5 23. b5 Ng7 24. Ne5 f6 25. Nd3 Qc4 26. Rc1 Qxd3 27. Qxd3 Rxd3 28. Rc7 Rb8 29. Rac1 Rxd4 30. Rxe7 Rg4 31. Kf1 Rc4 0-1

[Event "2015 May PHCC Rated Mini-Swiss"]
[Site "Port Huron"]
[Date "2015.05.07"]
[Round "3"]
[White "Jones, G. Avery"]
[Black "Wingrove, William"]
[Result "1-0"]
[WhiteElo "1619"]
[BlackElo "1652"]
[PlyCount "95"]
[EventDate "2015.05.07"]
[EventRounds "3"]

1. d4 Nf6 2. Nf3 g6 3. Nc3 d5 4. g3 Bg7 5. Bg2 O-O 6. O-O Nbd7 7. Re1 c6 8. e4 dxe4 9. Nxe4 Re8 10. c3 Qc7 11. Bf4 Qb6 12. Qb3 Nd5 13. Bd2 Qxb3 14. axb3 e5 15. Nd6 Re6 16. Nxc8 a6 17. Bh3 f5 18. Ng5 Re8 19. Nd6 Re7 20. Bg2 e4 21. Nh3 b5 22. Nb7 N7f6 23. Nc5 Ng4 24. Nf4 Nc7 25. f3 Nf6 26. fxe4 fxe4 27. Nxe4 Nxe4 28. Rxe4 Rae8 29. Rxe7 Rxe7 30. Re1 Rxe1+ 31. Bxe1 g5 32. Nd3 Nd5 33. Bxd5+ cxd5 34. Nc5 a5 35. Bf2 Kf7 36. Kg2 Bf8 37. Kf3 h5 38. Nd3 Bd6 39. Be3 g4+ 40. Kg2 Kf6 41. Nf4 Bxf4 42. Bxf4 Kf5 43. Kf2 Ke4 44. Ke2 a4 45. bxa4 bxa4 46. Be5 Kf5 47. Ke3 Ke6 48. Kf4 1-0

[Event "2015 May PHCC Rated Mini-Swiss"]
[Site "Port Huron"]
[Date "2015.05.07"]
[Round "1"]
[White "Jones, G. Avery"]
[Black "Rutkofske, Lonnie"]
[Result "0-1"]
[WhiteElo "1619"]
[BlackElo "1837"]
[PlyCount "80"]
[EventDate "2015.05.07"]
[EventRounds "3"]

1. d4 g6 2. Nf3 Bg7 3. Nc3 d6 4. g3 Nd7 5. Bg2 h6 6. O-O a6 7. Qd3 e6 8. Nh4 Ne7 9. Be4 f5 10. Bg2 Nf6 11. e4 O-O 12. exf5 exf5 13. Re1 Kh7 14. Bd2 c6 15. Qe2 Re8 16. Qc4 d5 17. Qd3 Ne4 18. Re2 Bd7 19. Rae1 Ng8 20. f3 Nxd2 21. Qxd2 g5 $4 {Diagram [#] (A terrible error, RXR was best then g5 wins a the exchange!)} 22. Rxe8 Bxe8 23. Nxf5 Bg6 24. Nxg7 Kxg7 25. Re5 Qf6 26. Na4 Rf8 27. Nc5 Rf7 28. Ne6+ Kh8 29. c3 Bf5 30. Nc5 a5 31. Qe3 b6 32. Nd3 Ne7 33. Qe2 Bd7 34. Qe1 Ng6 35. Re2 Kg7 36. Ne5 Nxe5 37. Rxe5 Kf8 38. Qe2 Re7 39. Rxe7 Qxe7 40. Qxe7+ Kxe7 {[Time]} 0-1

[Event "EORO Senior over 65"]
[Site "?"]
[Date "2015.05.04"]
[Round "6"]
[White "Oystein, Johnsen"]
[Black "Gregg, Alan"]
[Result "1-0"]
[WhiteElo "1972"]
[BlackElo "2083"]
[PlyCount "101"]
[EventDate "2015.05.04"]
[EventType "swiss"]
[EventRounds "9"]

1. Nf3 Nf6 2. c4 e6 3. g3 d5 4. Bg2 Be7 5. O-O O-O 6. b3 Nbd7 7. Bb2 b6 8. d3 Bb7 9. Nbd2 c5 10. cxd5 exd5 11. d4 Re8 12. Rc1 Bd6 13. Re1 Rb8 14. e3 g6 15. Rc2 Bf8 16. Ne5 Nxe5 17. dxe5 Ne4 18. Nxe4 dxe4 19. Rd2 Qc7 20. Qb1 Bg7 21. Bxe4 Bxe5 22. Bxb7 Bxb2 23. Qxb2 Rxb7 24. Red1 Qe7 25. Rd6 Qe5 26. Qd2 Rbe7 27. Qd5 Qxd5 28. R1xd5 Rc8 29. Rd7 Rc7 30. Rxe7 Rxe7 31. Kf1 Rc7 32. Ke2 Kf8 33. Kd3 b5 34. e4 Ke7 35. f4 Rd7 36. Rxd7+ Kxd7 37. e5 Kc6 38. Ke4 a5 39. g4 c4 40. bxc4 b4 41. Kd4 a4 42. Kd3 Kc5 43. f5 Kc6 44. e6 fxe6 45. fxe6 Kd6 46. c5+ Kxe6 47. Kc4 b3 48. axb3 axb3 49. Kxb3 Kd5 50. Kb4 Kc6 51. g5 1-0

[Event "EORO Senior over 65"]
[Site "?"]
[Date "2015.05.05"]
[Round "7"]
[White "Gregg, Alan"]
[Black "Dagtiarev, Victor"]
[Result "1/2-1/2"]
[WhiteElo "2083"]
[BlackElo "1897"]
[PlyCount "22"]
[EventDate "2015.05.05"]
[EventType "swiss"]
[EventRounds "9"]
[EventCountry "GRE"]

1. e4 e5 2. Nf3 Nc6 3. Bb5 a6 4. Ba4 Nf6 5. O-O Be7 6. Bxc6 bxc6 7. Nc3 d6 8. d4 exd4 9. Nxd4 Bb7 10. Nf5 O-O 11. Nxe7+ Qxe7 1/2-1/2

[Event "EORO Senior over 65"]
[Site "?"]
[Date "2015.05.06"]
[Round "8"]
[White "Bassas Gamazo, Joseph"]
[Black "Gregg, Alan"]
[Result "0-1"]
[WhiteElo "1987"]
[BlackElo "2083"]
[PlyCount "102"]
[EventDate "2015.05.06"]
[EventType "swiss"]
[EventRounds "9"]
[EventCountry "GRE"]

1. e4 g6 2. d4 Bg7 3. Nc3 d6 4. Bg5 c6 5. Qd2 Qb6 6. O-O-O Na6 7. f4 Bg4 8. Nf3 O-O-O 9. Na4 Qb4 10. Qxb4 Nxb4 11. a3 Na6 12. Bxa6 bxa6 13. h3 Bd7 14. Nc3 f6 15. Bh4 Nh6 16. Rhe1 Kc7 17. e5 Nf5 18. Bf2 Bh6 19. g3 dxe5 20. dxe5 Bc8 21. Ne4 Bg7 22. exf6 Rxd1+ 23. Rxd1 exf6 24. g4 Nh6 25. Bd4 Rf8 26. Re1 Ng8 27. Nc5 Kd6 28. c4 Bh6 29. Nd3 Kc7 30. Bxa7 Bd7 31. Bc5 Re8 32. Rxe8 Bxe8 33. Be3 Bf8 34. Nc5 Bxc5 35. Bxc5 Bf7 36. b3 Kd7 37. Kd2 Be6 38. Kd3 h5 39. gxh5 Bxh3 40. hxg6 Bf5+ 41. Ke3 Bxg6 42. Nd4 Bf7 43. Ke4 Nh6 44. Bf8 Ng8 45. Kf5 a5 46. a4 Be8 47. Ne6 Bf7 48. Nc5+ Ke8 49. Bd6 Bh5 50. Bc7 Kf7 51. Bxa5 Bf3 0-1

[Event "EORO Senior over 65"]
[Site "?"]
[Date "2015.05.07"]
[Round "9"]
[White "Gregg, Alan"]
[Black "Pederson, Jan Rode"]
[Result "0-1"]
[WhiteElo "2013"]
[BlackElo "2208"]
[PlyCount "86"]
[EventDate "2015.05.07"]
[EventType "swiss"]
[EventRounds "9"]
[EventCountry "GRE"]

1. e4 e5 2. Nf3 Nc6 3. Bb5 a6 4. Ba4 Nf6 5. O-O Be7 6. Bxc6 bxc6 7. Nc3 d6 8. d4 Nd7 9. dxe5 dxe5 10. b3 O-O 11. Bb2 Bd6 12. Ne2 Qe7 13. Ng3 g6 14. Qd2 Nc5 15. Qc3 f6 16. Nd2 Ne6 17. Nc4 Bb4 18. Qe3 a5 19. Rfd1 Ba6 20. Nd2 Bc5 21. Qe1 Nd4 22. Rac1 h5 23. c3 Ne6 24. Nf3 Nf4 25. c4 a4 26. Ne2 Nxe2+ 27. Qxe2 axb3 28. axb3 Bc8 29. Bc3 Bg4 30. h3 Be6 31. Qd2 Rab8 32. Qh6 Qg7 33. Qxg7+ Kxg7 34. Rb1 Rfd8 35. Rxd8 Rxd8 36. Ne1 Kf7 37. Kf1 Rb8 38. Rb2 Ba3 39. Rc2 Rxb3 40. Bd2 Rb2 41. Rxb2 Bxc4+ 42. Kg1 Bxb2 43. Be3 Bc3 0-1

[Event "2015 US SENIOR "]
[Site "SCHAUMBURG, IL"]
[Date "2015.06.12"]
[Round "1"]
[White "Gregg, Alan Michael"]
[Black "Flynn, Mike"]
[Result "1/2-1/2"]
[WhiteElo "1992"]
[BlackElo "1421"]
[PlyCount "57"]
[EventDate "2015.06.12"]
[EventType "swiss"]
[EventRounds "6"]
[EventCountry "USA"]

1. d4 Nf6 2. Bf4 g6 3. e3 Bg7 4. Nd2 O-O 5. Bd3 d6 6. h3 c5 7. c3 Nc6 8. Bh2 a6 9. a4 cxd4 10. exd4 Re8 11. Ne2 e5 12. dxe5 dxe5 13. Ne4 Be6 14. O-O Qe7 15. Nxf6+ Bxf6 16. Be4 Na5 17. b4 Rad8 18. Qc2 Nc4 19. Rfd1 Bg7 20. Rxd8 Rxd8 21. Rd1 f5 22. Rxd8+ Qxd8 23. Qd3 (23. Bxb7 Qb6 24. Ba8) 23... Qxd3 24. Bxd3 e4 (24... Nb2) 25. Bxc4 Bxc4 26. Nd4 Kf7 27. g4 Bxd4 28. cxd4 Ke6 29. Bc7 1/2-1/2

[Event "2015 US SENIOR "]
[Site "SCHAUMBURG, IL "]
[Date "2015.06.12"]
[Round "2"]
[White "Marshall, Kenneth"]
[Black "Gregg, Alan Michael"]
[Result "0-1"]
[WhiteElo "1501"]
[BlackElo "1992"]
[PlyCount "56"]
[EventDate "2015.06.12"]
[EventType "swiss"]
[EventRounds "6"]

1. e4 c5 2. Nf3 e6 3. b3 d6 4. Bb5+ Bd7 5. Bxd7+ Nxd7 6. O-O Ngf6 7. Re1 Qc7 8. Bb2 e5 9. c3 g6 10. d4 Bg7 11. Nbd2 O-O 12. Nf1 Rfe8 13. h3 exd4 14. cxd4 Rxe4 15. dxc5 Rxe1 16. Qxe1 dxc5 17. Qc3 b6 18. Re1 Nf8 19. Re4 Ne6 20. Re2 Rd8 21. N1h2 Nd5 22. Qc1 Ndf4 23. Rc2 Nd3 24. Qa1 Nxb2 25. Rxb2 Bxb2 26. Qxb2 Rd1+ 27. Nf1 Qd6 28. Qc2 Qd3 0-1

[Event "2015 U.S SENIOR"]
[Site "SCHAUMBURG, IL  "]
[Date "2015.06.13"]
[Round "3"]
[White "Sage, J. Timothy"]
[Black "Gregg, Alan Michael"]
[Result "1-0"]
[WhiteElo "2208"]
[BlackElo "1992"]
[PlyCount "41"]
[EventDate "2015.06.13"]
[EventType "swiss"]
[EventRounds "6"]
[EventCountry "USA"]

1. d4 d5 2. c4 c6 3. Nc3 Nf6 4. Nf3 e6 5. Bg5 h6 6. Bxf6 Qxf6 7. Qb3 Nd7 8. e4 dxc4 9. Bxc4 b5 10. Be2 a6 11. O-O e5 12. d5 Nc5 13. Qc2 Bb7 14. Rad1 Be7 15. dxc6 Bxc6 16. Nd5 Bxd5 17. Rxd5 Nd7 18. Qc7 Qe6 19. Rfd1 Nf6 20. Rxe5 Rc8 21. Qb7 1-0

[Event "2015 US SENIOR"]
[Site "SCHAUMBURG, IL   "]
[Date "2015.06.13"]
[Round "4"]
[White "Gregg, Alan Michael"]
[Black "Richmond,  M. Barrie"]
[Result "1-0"]
[WhiteElo "1992"]
[BlackElo "1719"]
[PlyCount "173"]
[EventDate "2015.06.13"]
[EventType "swiss"]
[EventRounds "6"]
[EventCountry "USA"]

1. d4 Nf6 2. Bf4 d6 3. e3 g6 4. Nf3 Bg7 5. Be2 O-O 6. Nbd2 Nbd7 7. c3 Qe8 8. Nc4 Nh5 9. Bg3 Nxg3 10. hxg3 h6 11. O-O b6 12. a4 Bb7 13. Na3 a6 14. b4 e5 15. b5 a5 16. Rc1 Qe7 17. Qb3 Nf6 18. Nd2 d5 19. Nc2 Rac8 20. Rfe1 Rfd8 21. Bf3 e4 22. Be2 Ne8 23. c4 c5 24. bxc6 Rxc6 25. cxd5 Rcd6 26. Bc4 Nc7 27. Na3 Bxd5 28. Nb5 Nxb5 29. Qxb5 Bb7 30. Ba2 Rf6 31. Qb2 Qe8 32. Bb3 Bf8 33. Nc4 Bb4 34. Red1 Qe7 35. Ne5 Ba3 36. Qa2 Bxc1 37. Rxc1 Kg7 38. Nxf7 Rf8 39. Ne5 Rxf2 40. Qa1 (40. Qxf2 Rxf2 41. Kxf2 h5 42. g4 Qh4+ 43. Ke2 Ba6+ 44. Bc4) 40... R2f6 41. Ng4 Rd6 42. Qb2 Rd7 43. Ne5 Rc7 44. Rxc7 Qxc7 45. Bc4 Kh7 46. Qb3 Qd6 47. Qb5 Bc8 48. Kh2 Rd8 49. Nf7 Qe7 50. Qxb6 Rf8 51. Ne5 Qf6 52. Qa7+ Qg7 53. Qxa5 Rf2 54. Bd5 Rf1 55. Bxe4 Bf5 56. Qb5 Rc1 57. Bxf5 gxf5 58. Nd3 Ra1 59. Qxf5+ Kh8 60. a5 Qg5 61. Qf8+ Kh7 62. Qf7+ Qg7 63. Qf5+ Qg6 64. Qxg6+ Kxg6 65. Nf4+ (65. e4 Rxa5 66. Ne5+ Kf6 67. g4 Ra3 (67... Ra4 68. Nf3 Ra2 69. Kg3 Re2 70. e5+ Ke6 71. Nh4 Re4 72. Nf5 h5 73. Ng7+ Kd5 74. gxh5 Rxd4 75. e6 Rd3+ 76. Kf4 Kd6 77. h6 Rd2 78. h7 Rf2+ 79. Kg5 Rf8 80. g4 Rb8 81. Kh6 Rf8 82. g5 Re8 83. g6 Rh8 84. Kg5 Ke7 85. Nf5+ Kxe6 86. g7 Rxh7 87. g8=Q+ Rf7 88. Nh6)) 65... Kf5 66. Nd3 Rxa5 67. Nf2 Ra2 68. g4+ Ke6 69. Kg3 Kd5 70. Kf3 Ra3 71. Nh3 Kc4 72. Nf4 Kc3 73. d5 Kd2 74. Ke4 Rxe3+ 75. Kf5 Re8 76. d6 Rd8 77. Ke6 Ke3 78. Nd5+ Kf2 79. Ke7 Ra8 80. d7 Kxg2 81. d8=Q Rxd8 82. Kxd8 Kg3 83. Nf6 Kf4 84. Ke7 Kg5 85. Kf7 h5 86. gxh5 Kh6 87. Kg8 1-0

[Event "2015 US SENIOR "]
[Site "SCHAUMBURG, IL"]
[Date "2015.06.14"]
[Round "5"]
[White "Chow, Albert "]
[Black "Gregg, Alan Michael"]
[Result "1-0"]
[WhiteElo "2200"]
[BlackElo "1992"]
[PlyCount "53"]
[EventDate "2015.06.14"]
[EventType "swiss"]
[EventRounds "6"]
[EventCountry "USA"]

1. d4 Nf6 2. c4 e6 3. Nc3 d5 4. Bg5 Be7 5. cxd5 exd5 6. e3 c6 7. Bd3 Nbd7 8. Qc2 h6 9. Bh4 Nh5 10. Bxe7 Qxe7 11. Nge2 Nhf6 12. O-O O-O 13. Rab1 Re8 14. b4 a6 15. a4 b5 16. Ng3 Nb6 17. axb5 cxb5 18. e4 Be6 19. e5 Nfd7 20. f4 Nf8 21. f5 Bc8 22. f6 Qa7 23. fxg7 Kxg7 24. Nh5+ Kh8 25. Qd2 Re6 26. Rf6 Rxf6 27. exf6 1-0

[Event "2015 US SENIOR "]
[Site "SCHAUMBURG, IL "]
[Date "2015.06.14"]
[Round "6"]
[White "Gregg, Alan Michael"]
[Black "Ford, Clifton"]
[Result "1/2-1/2"]
[WhiteElo "1992"]
[BlackElo "1800"]
[PlyCount "51"]
[EventDate "2015.06.14"]
[EventType "swiss"]
[EventRounds "6"]
[EventCountry "USA"]

1. Nf3 Nf6 2. c4 e6 3. d4 b6 4. Nc3 Bb4 5. Bd2 O-O 6. e3 c5 7. Be2 Bb7 8. O-O d5 9. b3 Nc6 10. a3 Ba5 11. cxd5 exd5 12. Rc1 cxd4 13. exd4 Bxc3 14. Bxc3 a5 15. Bb2 Ne7 16. Ne5 Ba6 17. Re1 Bxe2 18. Qxe2 Re8 19. Qf3 Rc8 20. g4 Ng6 21. Nxg6 hxg6 22. h3 Ne4 23. Re2 Qd6 24. Rce1 Re6 25. Qg2 Qf4 26. Qh2 1/2-1/2

[Event "Casual Game"]
[Site "St. Clair"]
[Date "2015.06.27"]
[Round "?"]
[White "Beneker, Gerrit"]
[Black "Rutkofske, Lonnie"]
[Result "0-1"]
[WhiteElo "1483"]
[BlackElo "1854"]
[PlyCount "80"]
[EventDate "2015.06.27"]
[EventType "game"]

1. e4 e6 2. Nc3 d5 3. d4 Bb4 4. Bd3 Nc6 5. Nf3 Nf6 6. e5 Ne4 7. Bd2 Nxd2 8. Qxd2 a6 9. a3 Be7 10. h4 h6 11. b4 b5 12. Rc1 Rb8 13. Ne2 a5 14. c3 axb4 15. cxb4 Na7 16. Qc2 c6 17. Nf4 Qb6 18. Bh7 Bd7 19. Ng6 Rxh7 20. Nxe7 Rh8 21. Ng6 fxg6 22. Qxg6+ Kf8 23. Ke2 Nc8 24. Kd3 Ne7 25. Qh5 Be8 26. Qg4 Bg6+ 27. Ke3 Nf5+ 28. Ke2 Kf7 29. h5 Bh7 30. Qf4 Ke8 31. Nh4 Ke7 32. Nxf5+ exf5 33. Ke3 Rbe8 34. Qh4+ Kf7 35. Qf4 Re7 36. g4 Rf8 37. gxf5 Kg8 38. Rhg1 Rff7 39. Qxh6 Rxe5+ 40. Kd3 Bxf5+ 0-1

[Event "Challenge Game"]
[Site "Port Huron"]
[Date "2015.06.25"]
[Round "?"]
[White "Gregg, Alan"]
[Black "Rutkofske, Lonnie"]
[Result "1-0"]
[WhiteElo "1944"]
[BlackElo "1854"]
[PlyCount "64"]
[EventDate "2015.06.25"]
[EventType "game"]

1. e4 e6 2. d4 d5 3. Nd2 c5 4. c3 Nc6 5. exd5 exd5 6. dxc5 Bxc5 7. Nb3 Bb6 8. Nf3 Qd6 9. Bd3 Nf6 10. Qe2+ Be6 11. Bg5 Ng4 12. Bh4 O-O 13. Bg3 Qd7 14. O-O-O Rfe8 15. Qc2 Nxf2 16. Bxf2 Bxf2 17. Qxf2 Bg4 18. Nbd4 Be6 19. Qh4 h6 20. Rhe1 Bg4 21. Rxe8+ Rxe8 22. Re1 Rxe1+ 23. Qxe1 Be6 24. h3 a6 25. g4 Qd6 26. Nxc6 Qxc6 27. Qg3 g6 28. Qb8+ Kg7 29. Qe5+ Kh7 30. Nd4 Qe8 31. b3 Bd7 32. Qxe8 Bxe8 1-0

[Event "Challenge game"]
[Site "Port Huron"]
[Date "2015.07.01"]
[Round "?"]
[White "Wingrove, William"]
[Black "Gregg, Alan"]
[Result "1/2-1/2"]
[WhiteElo "1627"]
[BlackElo "1951"]
[PlyCount "52"]
[EventDate "2015.07.01"]
[EventType "game"]

1. e4 e5 2. Nf3 Nc6 3. d4 exd4 4. Nxd4 Nf6 5. Nxc6 bxc6 6. e5 Nd5 7. c4 Bb4+ 8. Bd2 Bxd2+ 9. Nxd2 Ne7 10. Nf3 O-O 11. Bd3 Ng6 12. O-O Qe7 13. Re1 Nf4 14. Bf1 a5 15. g3 Ne6 16. Bg2 Ba6 17. Qc2 Rab8 18. Rad1 Qc5 19. Nd2 d5 20. exd6 cxd6 21. Nb3 Qxc4 22. Qxc4 Bxc4 23. Nxa5 Bxa2 24. Nxc6 Rxb2 25. Rxd6 Rb1 26. Rxb1 Bxb1 1/2-1/2

[Event "Challenge"]
[Site "St. Clair"]
[Date "2015.07.11"]
[Round "?"]
[White "Rutkofske, Lonnie"]
[Black "Wingrove, William"]
[Result "1-0"]
[WhiteElo "1846"]
[BlackElo "1644"]
[PlyCount "85"]
[EventDate "2015.07.11"]

1. c4 c5 2. Nc3 g6 3. e4 Bg7 4. Nge2 d6 5. d4 cxd4 6. Nxd4 Nc6 7. Be3 Bd7 8. Rc1 Nf6 9. Be2 O-O 10. O-O Ne8 11. f4 Nc7 12. Nxc6 Bxc6 13. Qc2 Ne6 14. Nd5 Nd4 15. Qd2 Nxe2+ 16. Qxe2 Re8 17. Bf2 b6 18. Nb4 Rc8 19. Rfd1 Qc7 20. Nxc6 Qxc6 21. b4 Qb7 22. b5 Rc7 23. a4 Rec8 24. Rd5 Rd7 25. Rcd1 Qc7 26. Rc1 Qd8 27. Qa2 Qe8 28. a5 bxa5 29. Qxa5 Rb7 30. Be3 Bf8 31. Rdd1 Bg7 32. Qe1 Rbc7 33. Qb4 Rb8 34. Qa5 Qc8 35. Qa4 Qb7 36. Qc2 Rbc8 37. Qd3 Kf8 38. e5 Rd7 39. c5 Qb8 40. c6 Rdd8 41. Qc4 dxe5 42. Rxd8+ Rxd8 43. c7 1-0

[Event "2015 Canadian Seniors Ch 65+"]
[Site "Kitchener"]
[Date "2015.07.31"]
[Round "1.3"]
[White "Gregg, Alan"]
[Black "Maheux, Pierre"]
[Result "1/2-1/2"]
[WhiteElo "1917"]
[BlackElo "1660"]
[PlyCount "48"]
[EventDate "2015.??.??"]

1. e4 c5 2. Nf3 Nc6 3. c3 d5 4. exd5 Qxd5 5. d4 Bf5 6. Be3 cxd4 7. cxd4 Bxb1 8. Qxb1 Nf6 9. Be2 g6 10. O-O Bg7 11. h3 O-O 12. a3 Rac8 13. b4 Ne4 14. Bc4 Qxc4 15. Qxe4 e6 16. Rfc1 Qd5 17. Qxd5 exd5 18. Rc5 Ne7 19. Rac1 Rxc5 20. Rxc5 Rc8 21. Kf1 b6 22. Rxc8+ Nxc8 23. Bf4 Kf8 24. Ke2 b5 1/2-1/2

[Event "2015 Canadian Seniors Ch 65+"]
[Site "Kitchener"]
[Date "2015.07.31"]
[Round "1.6"]
[White "Rutkofske, Lonnie"]
[Black "Finlay, Ian"]
[Result "1-0"]
[WhiteElo "1800"]
[BlackElo "1821"]
[PlyCount "57"]
[EventDate "2015.??.??"]

1. c4 f5 2. g3 g6 3. Bg2 Bg7 4. Nf3 d6 5. O-O Nf6 6. d4 O-O 7. Nc3 e6 8. Rb1 Nc6 9. b4 Ne4 10. Qd3 d5 11. e3 a5 12. a3 axb4 13. axb4 Ra4 14. Nxa4 Qe7 15. Ba3 dxc4 16. Qxc4 Na7 17. Qd3 b5 18. Nc5 Nd6 19. Nd2 g5 20. Rbe1 f4 21. exf4 gxf4 22. Bh3 Rf6 23. Bg2 Rh6 24. Bc1 e5 25. dxe5 Bxe5 26. Nf3 Rh5 27. Bxf4 Nf7 28. Nxe5 Bf5 29. Qf3 1-0

[Event "2015 Canadian Seniors Ch 65+"]
[Site "Kitchener"]
[Date "2015.08.01"]
[Round "2.4"]
[White "McKay, Arnold"]
[Black "Gregg, Alan"]
[Result "1/2-1/2"]
[WhiteElo "1874"]
[BlackElo "1917"]
[PlyCount "62"]
[EventDate "2015.??.??"]

1. e4 e5 2. Nf3 Nc6 3. Bb5 a6 4. Ba4 Nf6 5. d3 d6 6. c3 Bd7 7. O-O Be7 8. Re1 O-O 9. Nbd2 Nb8 10. Bc2 c5 11. Nf1 Nc6 12. Ng3 Rc8 13. h3 Ne8 14. Be3 g6 15. Bh6 Ng7 16. Qd2 Be6 17. Ng5 Bxg5 18. Bxg5 f6 19. Bh6 Qe7 20. Bb3 Nd8 21. Nf1 Nf7 22. Bxg7 Kxg7 23. Bxe6 Qxe6 24. Ne3 h5 25. f3 f5 26. Nd5 Nd8 27. Kh2 Nc6 28. Qf2 Rf7 29. b3 Rcf8 30. Rac1 Ne7 31. Nxe7 Rxe7 1/2-1/2

[Event "2015 Canadian Seniors Ch 65+"]
[Site "Kitchener"]
[Date "2015.08.01"]
[Round "2.2"]
[White "Wingrove, William"]
[Black "Deline, Ralph"]
[Result "1/2-1/2"]
[WhiteElo "1613"]
[BlackElo "1853"]
[PlyCount "61"]
[EventDate "2015.??.??"]

1. e4 c5 2. c3 d5 3. exd5 Qxd5 4. d4 Nc6 5. Nf3 Bg4 6. Be2 cxd4 7. cxd4 e6 8. O-O Nf6 9. h3 Bh5 10. Nc3 Qd8 11. Be3 Be7 12. Qd2 O-O 13. Rfd1 Nb4 14. a3 Nbd5 15. Rac1 Rc8 16. Rc2 Bg6 17. Bd3 Bxd3 18. Qxd3 a6 19. Bd2 Bd6 20. g3 Nxc3 21. Bxc3 Nd5 22. Bd2 Rxc2 23. Qxc2 h6 24. Rc1 Qb8 25. Kg2 Ne7 26. Qe4 Rc8 27. Rxc8+ Qxc8 28. Qd3 Qc7 29. Qc3 Nd5 30. Qxc7 Bxc7 31. Ne5 1/2-1/2

[Event "2015 Canadian Seniors Ch 65+"]
[Site "Kitchener"]
[Date "2015.08.01"]
[Round "3.4"]
[White "Gregg, Alan"]
[Black "Rutkofske, Lonnie"]
[Result "1/2-1/2"]
[WhiteElo "1917"]
[BlackElo "1800"]
[PlyCount "68"]
[EventDate "2015.??.??"]

1. g3 g6 2. Bg2 Bg7 3. c4 Nc6 4. Nc3 d6 5. d3 Bd7 6. Nf3 Nf6 7. O-O Qc8 8. Re1 O-O 9. Bd2 h6 10. Rb1 e5 11. b4 Re8 12. e4 Ne7 13. Nd5 Kh7 14. Ne3 Rf8 15. Nh4 Nfg8 16. f4 exf4 17. gxf4 Bd4 18. Kh1 c6 19. Nf3 Bg7 20. Qc2 Qc7 21. Rbc1 Rae8 22. Bc3 f6 23. Qb2 Rf7 24. d4 h5 25. e5 Bh6 26. d5 fxe5 27. fxe5 Bg4 28. exd6 Qxd6 29. Ne5 Rff8 30. c5 Qd8 31. N5xg4 hxg4 32. Rcd1 Bxe3 33. Rxe3 Nxd5 34. Rxe8 Rxe8 1/2-1/2

[Event "2015 Canadian Seniors Ch 65+"]
[Site "Kitchener"]
[Date "2015.08.01"]
[Round "3.2"]
[White "Leblanc, Paul"]
[Black "Wingrove, William"]
[Result "1-0"]
[WhiteElo "1744"]
[BlackElo "1613"]
[PlyCount "69"]
[EventDate "2015.??.??"]

1. d4 Nf6 2. c4 g6 3. Nf3 Bg7 4. Nc3 d5 5. cxd5 Nxd5 6. e4 Nxc3 7. bxc3 O-O 8. Be2 c5 9. O-O Nc6 10. Bb2 Qc7 11. Qc2 Bg4 12. h3 Bxf3 13. Bxf3 Rac8 14. Bg4 Rcd8 15. d5 Ne5 16. c4 a6 17. Be2 e6 18. f4 Nd7 19. Bxg7 Kxg7 20. e5 exd5 21. cxd5 Nxe5 22. fxe5 Qxe5 23. Bf3 Qe3+ 24. Qf2 Qe7 25. Rac1 b6 26. Qb2+ Kh6 27. Qxb6 Qe3+ 28. Kh1 Rc8 29. Qxa6 Ra8 30. Qc4 Qd2 31. Qxc5 Rfc8 32. Qxc8 Rxc8 33. Rxc8 Qd3 34. Rd1 Qa6 35. Rc6 1-0

[Event "2015 Canadian Seniors Ch 65+"]
[Site "Kitchener"]
[Date "2015.08.02"]
[Round "4.4"]
[White "Rutkofske, Lonnie"]
[Black "Starr, Nava"]
[Result "0-1"]
[WhiteElo "1800"]
[BlackElo "2112"]
[PlyCount "92"]
[EventDate "2015.??.??"]

1. c4 e5 2. g3 Nc6 3. Bg2 f5 4. d3 Nf6 5. Nc3 Bb4 6. e3 O-O 7. Bd2 d6 8. Nge2 Be6 9. O-O Qd7 10. Qc2 Nd8 11. Rad1 c6 12. b3 Rc8 13. Bc1 d5 14. a3 Bd6 15. d4 e4 16. c5 Bb8 17. Kh1 Qf7 18. Ng1 Qh5 19. Qe2 Ng4 20. Bh3 Nf7 21. f3 exf3 22. Qxf3 Ng5 23. Qg2 Rce8 24. Nce2 Ne4 25. Nf3 Ngf2+ 26. Rxf2 Nxf2+ 27. Qxf2 Qxh3 28. Nf4 Qh6 29. Nd3 f4 30. exf4 Bg4 31. Rg1 Qg6 32. Nde5 Bxe5 33. dxe5 Qe4 34. Rf1 Bxf3+ 35. Qxf3 Qxf3+ 36. Rxf3 Rxe5 37. Kg2 Re2+ 38. Kh3 Rfe8 39. f5 Rc2 40. Bf4 Rxc5 41. Bd6 Rc2 42. g4 d4 43. Bg3 Rc3 44. Rf4 Rd8 45. g5 d3 46. f6 d2 0-1

[Event "2015 Canadian Seniors Ch 65+"]
[Site "Kitchener"]
[Date "2015.08.02"]
[Round "5.3"]
[White "Starr, Sasha"]
[Black "Gregg, Alan"]
[Result "1-0"]
[WhiteElo "2087"]
[BlackElo "1917"]
[PlyCount "71"]
[EventDate "2015.??.??"]

1. e4 e5 2. Nf3 Nc6 3. Bb5 a6 4. Ba4 Nf6 5. O-O Be7 6. Bxc6 dxc6 7. d3 Nd7 8. Nbd2 O-O 9. Nc4 f6 10. d4 exd4 11. Nxd4 Ne5 12. Ne3 c5 13. Ndf5 g6 14. Nxe7+ Qxe7 15. Nd5 Qd8 16. f4 Nf7 17. b4 c6 18. Ne3 Qxd1 19. Rxd1 cxb4 20. Bb2 Re8 21. Rd4 f5 22. e5 Be6 23. Rxb4 b5 24. Rd4 Rad8 25. a4 Ra8 26. h3 h5 27. Kf2 Rad8 28. Ke2 Rxd4 29. Bxd4 Rd8 30. Bc5 Ra8 31. c4 Rb8 32. axb5 axb5 33. Ra6 Nd8 34. Be7 Bc8 35. Ra7 Ne6 36. Bd6 1-0

[Event "2015 Canadian Seniors Ch 65+"]
[Site "Kitchener"]
[Date "2015.08.02"]
[Round "5.7"]
[White "Kiss, Istvan"]
[Black "Wingrove, William"]
[Result "1/2-1/2"]
[WhiteElo "1791"]
[BlackElo "1613"]
[PlyCount "51"]
[EventDate "2015.??.??"]

1. d4 Nf6 2. c4 g6 3. Nc3 d5 4. e3 Bg7 5. Bd3 O-O 6. Nf3 c5 7. O-O Bg4 8. h3 Bxf3 9. Qxf3 cxd4 10. exd4 e6 11. Bg5 Nc6 12. Ne2 dxc4 13. Be4 Nxd4 14. Nxd4 Qxd4 15. Bxb7 Rab8 16. Be3 Qd7 17. Ba6 Nd5 18. Bc5 Rfd8 19. Bxc4 Qc7 20. Bxd5 Qxc5 21. Bb3 Bxb2 22. Rad1 Qb6 23. h4 Rxd1 24. Rxd1 Rd8 25. h5 Rxd1+ 26. Qxd1 1/2-1/2

[Event "2015 Canadian Seniors Ch 65+"]
[Site "Kitchener"]
[Date "2015.08.02"]
[Round "5.6"]
[White "Hammarstrom, Orjan"]
[Black "Rutkofske, Lonnie"]
[Result "0-1"]
[WhiteElo "1515"]
[BlackElo "1800"]
[PlyCount "116"]
[EventDate "2015.??.??"]

1. e4 e6 2. d4 d5 3. e5 c5 4. c3 Nc6 5. Nf3 cxd4 6. cxd4 Bd7 7. Be2 Qb6 8. O-O Nge7 9. Na3 Nf5 10. Nc2 Rc8 11. a3 Na5 12. b4 Qc7 13. Ne3 Nc4 14. Nxc4 dxc4 15. Bb2 Ne7 16. Nd2 b5 17. Ne4 Nd5 18. Nc3 Be7 19. Qd2 O-O 20. f4 f5 21. Bf3 Nxc3 22. Bxc3 Qb6 23. Kh1 Kh8 24. d5 exd5 25. Bd4 Qb7 26. Qc3 Be6 27. a4 a6 28. Rfb1 Rb8 29. a5 g5 30. g3 h6 31. Bg2 Kh7 32. Rf1 Kg6 33. Rf2 Qd7 34. Raf1 g4 35. Kg1 Rh8 36. Rd1 Qe8 37. Rfd2 Qf7 38. Bb6 Qf8 39. Rb2 Qf7 40. Qd4 Rhc8 41. Bxd5 c3 42. Rc2 Bxd5 43. Qxd5 Qxd5 44. Rxd5 Bxb4 45. Rd3 Rc4 46. Re3 Rxb6 47. axb6 Bc5 48. b7 Bxe3+ 49. Kf1 Ba7 50. Ke2 b4 51. Kd3 Rc7 52. e6 Rxb7 53. Re2 Bc5 54. Kc4 Be7 55. Re5 Rc7+ 56. Kb3 c2 57. Rd5 c1=Q 58. Rd7 Qa3# 0-1